000 00343 a2200169 4500
001 74051
020 _a850806716X
040 _cAnchieta - Colégio São Paulo
100 _aAntunes, Fernanda Maria
240 1 0 _aBrasil
_lpor
245 1 0 _aBrasil
300 _a40
362 0 _a1997
440 1 _aÁtica
650 4 _aBrasil
942 _cBK
999 _c74051
_d74051